INSTRUMENTAL METHODS OF CHEMICAL ANALYSIS (Record no. 567536)

000 -LEADER
fixed length control field 00278nam a22001217a 4500
082 ## - DEWEY DECIMAL CLASSIFICATION NUMBER
Classification number 543 EWI'I
100 ## - MAIN ENTRY--PERSONAL NAME
Personal name EWING, G.W
9 (RLIN) 57245
245 ## - TITLE STATEMENT
Title INSTRUMENTAL METHODS OF CHEMICAL ANALYSIS
250 ## - EDITION STATEMENT
Edition statement 2ND
260 ## - PUBLICATION, DISTRIBUTION, ETC.
Place of publication, distribution, etc. NEWYORK
Name of publisher, distributor, etc. MCGRAW HILL
Date of publication, distribution, etc. 1960
300 ## - PHYSICAL DESCRIPTION
Extent 454P
942 ## - ADDED ENTRY ELEMENTS (KOHA)
Koha item type Book
Holdings
Withdrawn status Lost status Damaged status Not for loan Permanent Location Current Location Shelving location Date acquired Total Checkouts Full call number Barcode Date last seen Price effective from Koha item type
        College of Electrical & Mechanical Engineering (CEME) College of Electrical & Mechanical Engineering (CEME) General Stacks 07/12/2017   543 EWI'I CEME-4288 06/28/2021 06/28/2021 Book
© 2023 Central Library, National University of Sciences and Technology. All Rights Reserved.